[Event "CRO-chT"]
[Site "Medulin"]
[Date "1997.??.??"]
[Round "?"]
[White "Brumen, Dinko"]
[Black "Fercec, Nenad"]
[Result "1-0"]
[WhiteElo "2335"]
[BlackElo "2430"]

1.d4 Nf6 2.Bg5 Ne4 3.Bf4 c5 4.f3 Nf6 5.d5 g6 6.e4 Bg7 7.Nc3 d6 8.Qd2 O-O
9.Bh6 Bxh6 10.Qxh6 e6 11.O-O-O exd5 12.exd5 b5 13.h4 b4 14.Ne4 Nxe4 15.fxe4 Nd7
16.h5 Nf6 17.hxg6 fxg6 18.Nf3 Qe7 19.e5 dxe5 20.d6 Qg7 21.Bc4+ Kh8 22.Qg5 Bf5
23.Nxe5 Ne4 24.Qe7 Qxe7 25.dxe7 Rfe8 26.g4 Rxe7 27.Nc6 Bxg4 28.Nxe7 Bxd1
29.Rxd1 Nf6 30.Nd5 Ng4 31.Be2 Ne5 32.Nf6 Kg7 33.Nd7 Re8 34.Nxc5 h5 35.Nd3 Nxd3+
36.Bxd3 g5 37.Kd2 g4 38.Rf1 Kh6 39.Re1 Rd8 40.Ke3 Kg5 41.Kf2 h4 42.Re5+ Kh6
43.Re6+ Kg5 44.Re5+ Kh6 45.Re4 Kg5 46.Be2 g3+ 47.Ke3 Rh8 48.Rg4+ Kf5 49.Kf3 a5
50.Bd3+ Ke5 51.Re4+ Kd5 52.Re2 a4 53.Kg2 a3 54.bxa3 bxa3 55.Bf5 Rf8 56.Be6+ Kd4
57.Bb3 Rf4 58.c4 Rf5 59.Kh3 Rf4 60.Rc2 Kc5 61.Rd2 Kb4 62.Kg2 Rf6 63.Rc2 Kc5
64.Ba4 Rd6 65.Kh3 Rd4 66.Bb5 Rf4 67.Kg2 Rd4 68.Kh3 Rf4 69.Ba6 Rd4 70.Bb7 Rf4
71.Bd5 Kd4 72.Rg2 Rf8 73.Rd2+  1-0

[Event "CRO-chT"]
[Site "Medulin"]
[Date "1997.??.??"]
[Round "?"]
[White "Lovric, Branko"]
[Black "Jukic, Mirko"]
[Result "1-0"]
[WhiteElo "2370"]
[BlackElo "2460"]

1.d4 Nf6 2.Bg5 Ne4 3.h4 d5 4.Nd2 c5 5.Nxe4 dxe4 6.dxc5 Qxd1+ 7.Rxd1 Nc6 8.a3 a5
9.g3 e5 10.Be3 Be7 11.f3 exf3 12.exf3 O-O 13.Bb5 Nd4 14.Bxd4 exd4 15.Ne2 Bxc5
16.Nxd4 Rd8 17.c3 h5 18.Rh2 a4 19.Rhd2 Bh3 20.Ne2 Rxd2 21.Rxd2 g6 22.Nf4 Bf5
23.Nxh5 Ra5 24.Rd8+ Kh7 25.Nf6+ Kg7 26.Ne8+ Kf8 27.c4 Ke7 28.Rb8  1-0

[Event "Carlos Torre mem op"]
[Site "Merida"]
[Date "1997.??.??"]
[Round "5"]
[White "Hernandez, Yadira"]
[Black "Aldama, Degurnay"]
[Result "0-1"]
[WhiteElo "2220"]
[BlackElo "2440"]

1.d4 Nf6 2.Bg5 Ne4 3.Bf4 d5 4.f3 Nf6 5.e4 e6 6.Nc3 c5 7.Nb5 Na6 8.e5 Nd7
9.Be3 cxd4 10.Bxd4 Nab8 11.f4 Nc6 12.Nf3 a6 13.Nc3 Nxd4 14.Nxd4 b5 15.Bd3 Qb6
16.Nce2 Bb7 17.c3 Be7 18.Ng1 g5 19.Qh5 gxf4 20.Ngf3 Nc5 21.Bc2 Ne4 22.O-O Rf8
23.a4 O-O-O 24.axb5 axb5 25.Bd3 f6 26.Kh1 fxe5 27.Qxe5 Bd6 28.Qxe6+ Kb8 29.Bxb5 Rf6
30.Qg4 Rh6 31.Nh4 Rf8 32.Qd7 Rxh4 33.Rfe1 f3 34.Rxe4 Rxh2+ 35.Kg1 dxe4 36.Bc6 f2+  0-1

[Event "Metz op"]
[Site "Metz"]
[Date "1997.??.??"]
[Round "1"]
[White "Poussier, Thierry"]
[Black "Inkiov, Ventzislav"]
[Result "0-1"]
[WhiteElo "1820"]
[BlackElo "2510"]

1.d4 Nf6 2.Bg5 Ne4 3.Bf4 d5 4.e3 e6 5.Bd3 c5 6.Bxe4 dxe4 7.Nc3 cxd4 8.Qxd4 Qxd4
9.exd4 Bb4 10.Ne2 f5 11.O-O-O Na6 12.h4 Kf7 13.h5 Bd7 14.Be5 Rhc8 15.Rh3 Bf8
16.Kb1 b5 17.Nf4 b4 18.Nce2 Bb5 19.Ng3 Nc7 20.Rhh1 Bc6 21.Nf1 Nd5 22.Nxd5 Bxd5
23.Ne3 a5 24.g4 fxg4 25.Rdg1 a4 26.Rxg4 b3 27.cxb3 axb3 28.a3 Bb7 29.Rhg1 Ba6
30.Bxg7 Bd3+ 31.Ka1 Ke7 32.d5 Kd6 33.dxe6 Kxe6 34.Bxf8 Rxf8 35.R4g2 Rac8
36.Re1 Rc5 37.Rh2 Ke5 38.Rg1 Kd4 39.Rd1 Rf7 40.Re1 Be2 41.Rg1 Rfc7 42.Rhh1 Bf3
43.Kb1 Bxh1 44.Rxh1 Kd3 45.Nd5 Rxd5 46.Rd1+ Ke2 47.Rxd5 Rg7  0-1

[Event "Mondariz op"]
[Site "Mondariz"]
[Date "1997.??.??"]
[Round "?"]
[White "Martinez Rodriguez, Pablo"]
[Black "Garcia Contreras, Rafael"]
[Result "1-0"]
[WhiteElo "2220"]
[BlackElo "2150"]

1.d4 Nf6 2.Bg5 Ne4 3.h4 c6 4.Nd2 Qa5 5.Nf3 d5 6.c3 Bf5 7.Qb3 Nd7 8.Nxe4 dxe4
9.Ne5 Nxe5 10.Qxb7 Rc8 11.dxe5 Qxe5 12.Qxa7 Qb5 13.O-O-O Rb8 14.Rd2 e3 15.Bxe3 e5
16.Bg5 Bc5 17.e4 Bxa7 18.Bxb5 Bxe4 19.Re1 f6 20.Rxe4 cxb5 21.Be3 Rb7 22.f4 Bb8
23.fxe5 fxe5 24.Bc5 Kf7 25.Bd6 Bxd6 26.Rxd6 Re8 27.Kc2 Re6 28.Rd5 Kf6 29.g4 h5
30.gxh5 Kf5 31.Kd3 Ra7 32.Rxb5 Rxa2 33.Ke3 Ra1 34.Rf4+  1-0

[Event "Moravia-chT 9697"]
[Site "?"]
[Date "1997.??.??"]
[Round "?"]
[White "Jankovec, Ivan"]
[Black "Jerabek, Petr"]
[Result "1/2-1/2"]
[WhiteElo "2275"]
[BlackElo "2220"]

1.d4 Nf6 2.Bg5 Ne4 3.Bf4 d5 4.f3 Nf6 5.c4 e6 6.Nc3 dxc4 7.e4 Nc6 8.Be3 Na5
9.Bxc4 Nxc4 10.Qa4+ Nd7 11.Qxc4 Nb6  1/2-1/2

[Event "Goldberg mem"]
[Site "Moscow "]
[Date "1997.??.??"]
[Round "10"]
[White "Guliev, Sarhan"]
[Black "Baikov, Vladimir A"]
[Result "1-0"]
[WhiteElo "2425"]
[BlackElo "2455"]

1.d4 Nf6 2.Bg5 Ne4 3.Bf4 d5 4.Nf3 c6 5.Nbd2 Bf5 6.e3 Nxd2 7.Qxd2 e6 8.Be2 Be7
9.O-O O-O 10.c4 Nd7 11.c5 Bg4 12.b4 Bxf3 13.Bxf3 Bg5 14.a4 Re8 15.Bd6 Be7
16.Bg3 Bh4 17.b5 Bxg3 18.fxg3 e5 19.Rab1 exd4 20.exd4 Nf6 21.a5 Ne4 22.Qf4 Re7
23.a6 Nc3 24.bxc6 bxc6 25.Rb7 Qe8 26.Rb3 Re3 27.Kf2 Ne4+ 28.Kxe3 Nxc5+ 29.Kf2 Nxb3
30.Rb1 Na5 31.Bh5 g6 32.Be2 Qe7 33.Re1 Qb4  1-0

[Event "Murcia op"]
[Site "Murcia"]
[Date "1997.??.??"]
[Round "4"]
[White "Rufino Bengoetxea, Asier"]
[Black "Fernandez Madrid, Carlos"]
[Result "1/2-1/2"]
[WhiteElo "2355"]
[BlackElo "2220"]

1.d4 Nf6 2.Bg5 Ne4 3.h4 h6 4.Bf4 c5 5.d5 Qb6 6.Qc1 c4 7.e3 Qa5+ 8.c3 Qxd5
9.f3 Nc5 10.e4 Qe6 11.Qe3 b6 12.Nh3 Ba6 13.Bg3 Nc6 14.Nf4 Qd6 15.Na3 Ne5
16.Rd1 Qb8 17.Bh2 d6 18.h5 e6 19.b4 cxb3 20.Bxa6 Nxa6 21.axb3 Be7 22.b4 Qc8
23.O-O O-O 24.Nc2 Nc4 25.Qe2 b5 26.Ne3 Nxe3 27.Qxe3 Qc6 28.Ne2 Rac8 29.Qxa7 Nc7
30.Qe3 e5 31.f4 Bf6 32.fxe5 Bxe5 33.Bxe5 dxe5 34.Ng3 Ne6 35.Nf5 Qxc3 36.Rd3 Qxb4
37.Nxh6+ Kh7 38.Nxf7 Qc5 39.Qxc5 Nxc5 40.Rdf3 Nd7 41.Nxe5 Rxf3 42.Nxf3 Nf6
43.Rb1 Rh8 44.Rb3 Nxh5 45.Ne5  1/2-1/2

[Event "JUG-ch52"]
[Site "Niksic"]
[Date "1997.??.??"]
[Round "5"]
[White "Kosic, Dragan"]
[Black "Ilincic, Zlatko"]
[Result "0-1"]
[WhiteElo "2515"]
[BlackElo "2565"]

1.d4 Nf6 2.Bg5 Ne4 3.Bf4 c5 4.f3 Qa5+ 5.c3 Nf6 6.Nd2 cxd4 7.Nb3 Qf5 8.Bxb8 Rxb8
9.Qxd4 b6 10.e4 Qe6 11.Nh3 Qc6 12.Nf4 e6 13.e5 Ng8 14.O-O-O Ne7 15.Nh5 Nf5
16.Qd2 Qc7 17.Bd3 Qxe5 18.Rhe1 Qxh2 19.Nf4 Bd6 20.Nh3 Ne7 21.Bb5 a6 22.f4 Bxf4
23.Bxd7+ Bxd7 24.Nxf4 Bc6 25.Nxe6 fxe6 26.Rxe6 O-O 27.Rxe7 Rbe8 28.Rxe8 Rxe8
29.Qd4 Qh6+ 30.Nd2 Bxg2 31.Qc4+ Qe6 32.Qxa6 Ra8 33.Qd3 Qxa2 34.Rg1 Bb7 35.c4 Qa1+
36.Nb1 Qa4 37.Qd4 g6 38.Nc3 Qb4 39.Kc2 Rf8 40.Re1 Qc5 41.Qd3 Qf5 42.Qxf5 Rxf5
43.Re6 g5 44.Rxb6 Bf3 45.Kd2 h5 46.Ne2 Bxe2 47.Kxe2 Kf7 48.Rb7+ Ke6 49.Rb6+ Kd7
50.Rb7+ Kc6 51.Rh7 g4 52.b4 g3 53.Rh6+ Kd7 54.b5 Rf2+ 55.Ke3 Rf1 56.Rg6 h4
57.c5 h3 58.Rg7+ Ke6 59.c6 h2 60.Rg6+ Ke7  0-1

[Event "JUG-ch52"]
[Site "Niksic"]
[Date "1997.??.??"]
[Round "7"]
[White "Petronic, Jovan"]
[Black "Ilincic, Zlatko"]
[Result "0-1"]
[WhiteElo "2455"]
[BlackElo "2565"]

1.d4 Nf6 2.Bg5 Ne4 3.Bf4 c5 4.f3 Qa5+ 5.c3 Nf6 6.Nd2 cxd4 7.Nb3 Qf5 8.Bxb8 Rxb8
9.Qxd4 b6 10.e4 Qe6 11.Nh3 Qc6 12.Nf4 e6 13.e5 Ng8 14.O-O-O h5 15.Bd3 Ne7
16.Rhe1 Qc7 17.Kb1 b5 18.h4 Qb6 19.Be4 g6 20.Qd3 Bg7 21.Nd4 b4 22.c4 Bxe5
23.c5 Qxc5 24.Ndxe6 fxe6 25.Nxg6 Nxg6 26.Bxg6+ Ke7 27.f4 Bf6 28.f5 Rb6 29.fxe6 dxe6
30.Rc1 Qd4 31.Qb3 Bd7 32.Re4 Qd6 33.Rd1 Qc5 34.Rc1 Qa5 35.Rf1 Rg8 36.Rxf6 Kxf6
37.Rf4+ Ke7 38.Rf7+ Kd8 39.Qg3 Qd5  0-1

[Event "JUG-ch52"]
[Site "Niksic"]
[Date "1997.??.??"]
[Round "14"]
[White "Kosic, Dragan"]
[Black "Marinkovic, Ivan"]
[Result "1/2-1/2"]
[WhiteElo "2515"]
[BlackElo "2495"]

1.d4 Nf6 2.Bg5 Ne4 3.Bf4 d5 4.e3 c6 5.Bd3 Qb6 6.Qc1 Bf5 7.f3 Qa5+ 8.c3 Nd6
9.Bxf5 Nxf5 10.Nd2 Nd7 11.e4 Nh4 12.Bg3 Ng6 13.Ne2 e6 14.Qc2 Be7 15.Bf2 Rc8
16.O-O O-O 17.h4 Qa6 18.Rfe1 Bd6 19.Nb3 Qa4 20.Qd3 b6 21.Reb1 Rfd8 22.g3 c5
23.f4 Be7 24.exd5 c4 25.Qf3 exd5 26.Nd2 Nf6 27.f5 Nf8 28.Be3 h6 29.g4 N8h7
30.b4 Ne4 31.Nxe4 dxe4 32.Qg3 Qc2 33.Bf2 Rd5 34.a4 Nf8 35.Rc1 Qb2  1/2-1/2

[Event "CZE-ch op"]
[Site "Nymburk"]
[Date "1997.??.??"]
[Round "?"]
[White "Jirovsky, Pavel"]
[Black "Voloshin, Leonid"]
[Result "1/2-1/2"]
[WhiteElo "2360"]
[BlackElo "2430"]

1.d4 Nf6 2.Bg5 Ne4 3.h4 c5 4.dxc5 Qa5+ 5.Nd2 Nxg5 6.hxg5 g6 7.Nf3 Bg7 8.c3 Qxc5
9.e4 Nc6 10.Nb3 Qb6 11.Qd2 Qc7 12.Be2 a6 13.O-O-O b5 14.Kb1 Qb6 15.Nfd4 b4
16.cxb4 Nxb4 17.Bc4 Bb7 18.f3 Rd8  1/2-1/2

[Event "RUS-ch sf"]
[Site "Perm"]
[Date "1997.??.??"]
[Round "10"]
[White "Syrokhvatov, Leonid V"]
[Black "Fedorov, Vladislav"]
[Result "0-1"]
[WhiteElo "2270"]
[BlackElo "2425"]

1.d4 Nf6 2.Bg5 Ne4 3.h4 h6 4.Bf4 d5 5.Nd2 Bf5 6.Nxe4 Bxe4 7.f3 Bh7 8.e3 e6
9.Bd3 Bxd3 10.Qxd3 c5 11.dxc5 Qa5+ 12.c3 Qxc5 13.Ne2 Nc6 14.b4 Qb6 15.a4 a5
16.Qb5 Qa7 17.Nd4 Rc8 18.e4 dxe4 19.Nxe6 fxe6 20.Qh5+ Ke7 21.O-O-O Nd4 22.Kb2 axb4
23.Bd6+ Kxd6 24.Rxd4+ Ke7 25.Rhd1 bxc3+ 26.Kc2 Rc7 27.Qe5 Qb6 28.Rb1 Qc6
29.Rb5 Kf7 30.Rxe4 Qd6 31.Rf4+ Ke7 32.Qe2 Qxf4  0-1

[Event "EU-chT (Men)"]
[Site "Pula"]
[Date "1997.??.??"]
[Round "2"]
[White "Guliev, Sarhan"]
[Black "Vaisser, Anatoli"]
[Result "1-0"]
[WhiteElo "2425"]
[BlackElo "2580"]

1.d4 Nf6 2.Bg5 Ne4 3.Bf4 c5 4.e3 Qb6 5.Nc3 Qa5 6.Ne2 d5 7.dxc5 e6 8.a3 Nxc3
9.Nxc3 Qxc5 10.Bxb8 Rxb8 11.Bb5+ Ke7 12.Qh5 a6 13.O-O-O axb5 14.Qe5 f6 15.Qxb8 Kf7
16.Qf4 Qc6 17.Rd3 Bc5 18.Rhd1 Bd7 19.Ne4 b6 20.b4 e5 21.Qf3 dxe4 22.Rxd7+ Be7
23.Qh5+ g6 24.Qh6 Ke6 25.Rxe7+ Kxe7 26.Qg7+ Ke6 27.Qxh8  1-0

[Event "EU-chT (Women)"]
[Site "Pula"]
[Date "1997.??.??"]
[Round "8"]
[White "Botsari Miladinovic, Anna Maria"]
[Black "Lakos, Nikoletta"]
[Result "0-1"]
[WhiteElo "2330"]
[BlackElo "2380"]

1.d4 Nf6 2.Bg5 Ne4 3.h4 c5 4.dxc5 Qa5+ 5.Nd2 Nxg5 6.hxg5 g6 7.Rh4 Nc6 8.Rc4 Ne5
9.b4 Qa3 10.Re4 Bg7 11.Qc1 Qxc1+ 12.Rxc1 b6 13.Nb3 Bb7 14.Rh4 f6 15.gxf6 Bxf6
16.Rh3 O-O 17.c3 Rfc8 18.f4 Ng4 19.e3 a5 20.bxa5 bxa5 21.a4 Bc6 22.Be2 h5
23.Bf3 Bxf3 24.Nxf3 Nxe3 25.Rg3 Nf5 26.Rh3 Rab8 27.Nfd2 Ng7 28.Nxa5 Ne6 29.Nab3 Nxf4
30.Rf3 Ne6 31.Rd3 Nxc5 32.Nxc5 Rxc5 33.Rxd7 Bxc3 34.Kd1 Bb4 35.Rxc5 Bxc5
36.Ne4 Ba3 37.Rd3 Rb1+ 38.Ke2 Ra1 39.Rb3 Kf7 40.Rb6 Ra2+ 41.Kf3 Bc1 42.Nc5 g5
43.Nb3 Bf4 44.a5 Bc7 45.Rb5 Kg6 46.Rb7 Bd6 47.Rb5 g4+ 48.Ke4 h4 49.Rd5 Re2+
50.Kd3 Rxg2 51.a6 Ra2 52.Ra5 Rxa5 53.Nxa5 Bc5 54.Nb3 h3  0-1

[Event "Recklinghausen"]
[Site "Recklinghausen"]
[Date "1997.??.??"]
[Round "1"]
[White "Kishnev, Sergey"]
[Black "Kummerow, Heiko"]
[Result "1-0"]
[WhiteElo "2500"]
[BlackElo "2300"]

1.d4 Nf6 2.Bg5 Ne4 3.Bf4 c5 4.f3 Qa5+ 5.c3 Nf6 6.Nd2 cxd4 7.Nb3 Qb6 8.Qxd4 Qxd4
9.cxd4 d5 10.Rc1 Nc6 11.e3 a6 12.Ne2 e6 13.Nc3 Nh5 14.Bc7 Kd7 15.Bb6 Bd6
16.g4 Nf6 17.Bh3 Ke7 18.e4 dxe4 19.fxe4 Nd7 20.Na4 Nxb6 21.Nxb6 Rb8 22.O-O Rd8
23.d5 Ne5 24.g5 Nd3 25.Nxc8+ Rbxc8 26.Rxf7+ Kxf7 27.Bxe6+ Kg6 28.Rxc8 Rxc8
29.Bxc8 Kxg5 30.Na5 Kf4 31.Nxb7 Bc7 32.d6 Bb6+ 33.Kg2 Kxe4 34.d7 Nf4+ 35.Kf1 Ne6
36.Nd6+ Kd5 37.Nf7 a5 38.Bb7+ Kc5 39.Be4 Nd8 40.Nxd8 Bxd8 41.Bxh7 Kd6 42.Bf5 Ke5
43.Bh3 Kf4 44.Ke2 Ke4 45.Kd2 Kd4 46.Kc2 Kc4 47.Bf1+ Kd4 48.Kb3 Kc5 49.Ka4 g5
50.Bb5 Bc7 51.h3 Bd8 52.Be2 Bc7 53.Kb3 Bd8 54.Kc3 Kd5 55.b4 Kc6 56.Bg4 axb4+
57.Kxb4 Kb6 58.a4 Kc6 59.a5 Be7+ 60.Ka4 Kc5 61.a6 Kb6 62.Be2 Kc6 63.Bb5+ Kb6
64.Kb3  1-0

[Event "Santiago op"]
[Site "Santiago de Chile"]
[Date "1997.??.??"]
[Round "6"]
[White "Jauregui Andrade, Carlos"]
[Black "Guzman, Manuel"]
[Result "1-0"]
[WhiteElo "2305"]
[BlackElo "2100"]

1.d4 Nf6 2.Bg5 Ne4 3.Bf4 d5 4.c4 e6 5.a3 Be7 6.Qc2 c6 7.Nf3 O-O 8.e3 Nd7
9.Bd3 f5 10.h3 Qe8 11.Nc3 Ndf6 12.Rg1 Nxc3 13.Qxc3 Ne4 14.Qc2 Bd7 15.Ne5 Rc8
16.c5 Qd8 17.f3 Nf6 18.g4 fxg4 19.hxg4 Be8 20.g5 Nh5 21.Bxh7+ Kh8 22.Ng6+ Bxg6
23.Bxg6  1-0

[Event "Pools schev"]
[Site "Singapore"]
[Date "1997.??.??"]
[Round "5"]
[White "Ong Chong Ghee"]
[Black "Hsu Li Yang"]
[Result "0-1"]
[WhiteElo "2315"]
[BlackElo "2390"]

1.d4 Nf6 2.Bg5 Ne4 3.Bh4 d5 4.f3 Nd6 5.e4 dxe4 6.fxe4 c5 7.Nc3 Qa5 8.dxc5 Nxe4
9.Ne2 Nc6 10.a3 Bg4 11.b4 Nxc3 12.Nxc3 Bxd1 13.bxa5 Bxc2 14.Rc1 Bf5 15.a6 O-O-O
16.Be2 Bd3 17.axb7+ Kxb7 18.Bf3 f6 19.Nd5 e5 20.Rc3 e4 21.Rb3+ Ka6 22.Nc7+ Ka5
23.Ne6 Re8 24.Bg4 Bc4 25.Nc7 Bxb3 26.Nxe8 Bxc5 27.Nxg7 Rg8 28.Be6 Rxg7 29.Bxb3 Rxg2
30.Bxf6 Rg6 31.Rf1 Bd4 32.Rf5+ Kb6 33.Bh4 e3 34.Bg3 Bc3+ 35.Kd1 Nd4 36.Re5 Bd2
37.Bd5 Rf6 38.Bg2 Rf5 39.a4 a5  0-1

[Event "St Heliers op"]
[Site "St Heliers"]
[Date "1997.??.??"]
[Round "6"]
[White "Hodgson, Julian M"]
[Black "Lalic, Bogdan"]
[Result "1/2-1/2"]
[WhiteElo "2560"]
[BlackElo "2585"]

1.d4 Nf6 2.Bg5 Ne4 3.Bf4 c5 4.d5 Qb6 5.Qc1 e6 6.f3 Nf6 7.e4 exd5 8.e5 Nh5
9.Ne2 d6 10.Nbc3 Be6 11.g4 dxe5 12.Bxe5 Nc6 13.f4 Nxe5 14.fxe5 d4 15.gxh5 dxc3
16.bxc3 Be7 17.Bg2 Bh4+ 18.Ng3 Bxg3+ 19.hxg3 h6 20.O-O  1/2-1/2

[Event "White Nights op"]
[Site "St Petersburg"]
[Date "1997.??.??"]
[Round "?"]
[White "Sotsky, Alexander"]
[Black "Shaposhnikov, Evgeny"]
[Result "0-1"]
[WhiteElo "2305"]
[BlackElo "2370"]

1.d4 Nf6 2.Bg5 Ne4 3.Bf4 d5 4.f3 Nf6 5.Nd2 e6 6.Nh3 Be7 7.c3 c5 8.e3 Nc6
9.Bd3 O-O 10.Nf2 Nh5 11.Bg3 cxd4 12.cxd4 g6 13.O-O Nxg3 14.hxg3 e5 15.dxe5 Nxe5
16.Nb3 Qb6 17.Rc1 Be6 18.Nd4 Bc5 19.Be2 Nc6 20.Nc2 Bxe3 21.Nxe3 Qxe3 22.Rc3 Qb6
23.Rb3 Qc7 24.f4 d4 25.Ra3 Rad8 26.Nd3 Rfe8 27.g4 Bd5 28.Bf3 Bxf3 29.Rxf3 Re3
30.f5 Rde8 31.Qf1 Ne5 32.Rxe3 dxe3 33.Qe2 Nxd3 34.Rxd3 Qc4 35.Kf1 Qf4+ 36.Kg1 Rc8
37.Rd1 Qe4 38.f6 h6 39.Qf3 Qe6 40.Re1 Re8 41.Re2 b6 42.b3 Qe5 43.Qc6 Re6
44.Qf3 Kh7 45.g3 Qa1+ 46.Kg2 Qd4 47.Kg1 Rxf6 48.Qxe3 Qxg4 49.Rf2 Qd1+ 50.Kh2 Qh5+
51.Kg1 Rxf2  0-1

[Event "St Petersburg-B"]
[Site "St Petersburg"]
[Date "1997.??.??"]
[Round "8"]
[White "Popov, Valerij"]
[Black "Norri, Joose"]
[Result "1-0"]
[WhiteElo "2430"]
[BlackElo "2430"]

1.d4 Nf6 2.Bg5 Ne4 3.Bf4 c5 4.f3 Qa5+ 5.c3 Nf6 6.Nd2 cxd4 7.Nb3 Qb6 8.Qxd4 Qxd4
9.cxd4 d5 10.e3 Nc6 11.Bb5 e6 12.Bxc6+ bxc6 13.Rc1 Bd7 14.g4 Bb4+ 15.Kf2 Ke7
16.Ne2 Rhc8 17.Rc2 a5 18.a3 Bd6 19.Bxd6+ Kxd6 20.Rhc1 Be8 21.Nf4 Nd7 22.Nc5 Nxc5
23.Rxc5 Rcb8 24.R1c2 f6 25.Ne2 Ra6 26.Nc3 Bg6 27.Rd2 h6 28.Na4 Bb1 29.Nc3 Bg6
30.h3 e5 31.Na4 Bb1 32.Rc1 Bg6 33.f4 exf4 34.exf4 Be4 35.Rc3 f5 36.Kg3 fxg4
37.hxg4 Ra7 38.Nc5 Re7 39.Rb3 Rb5 40.Re2 Bb1 41.Rbe3 Be4 42.f5 Rf7 43.Kh4 Rf6
44.Rxe4 dxe4 45.Nxe4+ Ke7 46.Nc3+  1-0

[Event "Sutton op"]
[Site "Sutton"]
[Date "1997.??.??"]
[Round "?"]
[White "Dishman, Stephen"]
[Black "Kinsman, Andrew PH"]
[Result "1-0"]
[WhiteElo "2300"]
[BlackElo "2395"]

1.d4 Nf6 2.Bg5 Ne4 3.Bf4 c5 4.f3 Qa5+ 5.c3 Nf6 6.Nd2 cxd4 7.Nb3 Qb6 8.Qxd4 Nc6
9.Qxb6 axb6 10.Be3 e5 11.Bxb6 d5 12.e4 dxe4 13.Bc4 Bf5 14.Ne2 exf3 15.gxf3 Be7
16.Ng3 Bg6 17.O-O O-O 18.a4 Rfc8 19.a5 Nb8 20.Bb5 Nbd7 21.Bf2 Bc2 22.Nd2 Bc5
23.Nde4 Bxe4 24.Nxe4 Bxf2+ 25.Rxf2 Nxe4 26.fxe4 Nc5 27.Bc4 Nxe4 28.Bxf7+ Kh8
29.Re2 Nd6 30.Be6 Rc5 31.Rd1 Ne8 32.Rd7 Nc7 33.Bh3 g6 34.Rf2 e4 35.Rff7 Rh5
36.Rxc7 Rxh3 37.Rxb7 e3 38.a6 e2 39.Rfe7  1-0

[Event "Svetlogorsk op (Women)"]
[Site "Svetlogorsk"]
[Date "1997.??.??"]
[Round "8"]
[White "Zaitseva, Ludmila G"]
[Black "Umanskaya, Irina"]
[Result "1-0"]
[WhiteElo "2360"]
[BlackElo "2330"]

1.d4 Nf6 2.Bg5 Ne4 3.Bf4 d5 4.Nd2 Nxd2 5.Qxd2 Bf5 6.e3 e6 7.Bd3 Bxd3 8.Qxd3 Nd7
9.Nf3 Be7 10.O-O O-O 11.c4 dxc4 12.Qxc4 c6 13.e4 Nb6 14.Qe2 Bd6 15.Bg5 Be7
16.Bf4 Bd6 17.Bd2 Qc7 18.Rfd1 Rac8 19.Rac1 Bf4 20.Rc5 Bxd2 21.Qxd2 Nd7 22.Rg5 Nf6
23.Rxg7+ Kxg7 24.Qg5+ Kh8 25.Qxf6+ Kg8 26.Ng5 h5 27.e5  1-0

[Event "SVK-chT 9798"]
[Site "SVK"]
[Date "1997.??.??"]
[Round "1"]
[White "Meszaros, Gyula"]
[Black "Timoshchenko, Gennadi A"]
[Result "0-1"]
[WhiteElo "2370"]
[BlackElo "2540"]

1.d4 Nf6 2.Bg5 Ne4 3.Bf4 c5 4.f3 Nf6 5.dxc5 b6 6.e4 bxc5 7.Nc3 Nc6 8.Bc4 Qa5
9.Ne2 g6 10.O-O d6 11.Nd5 Nd7 12.Bd2 Qd8 13.Bc3 Rg8 14.f4 Bb7 15.Qe1 e6 16.Ne3 Qe7
17.a3 Nb6 18.Ng4 Bg7 19.Bb5 f5 20.Nf2 O-O-O 21.b4 Nd4 22.Bxd4 cxd4 23.Bd3 e5
24.fxe5 dxe5 25.exf5 e4 26.Nxe4 Bxe4 27.Ng3 Bh6 28.Qxe4 Be3+ 29.Kh1 Qxe4
30.Nxe4 gxf5 31.Rxf5 Rdf8 32.Raf1 Rxf5 33.Rxf5 Rd8 34.Rf7 Rd7 35.Rxd7 Kxd7
36.g3 Nd5 37.Nc5+ Kc6 38.Kg2 Bc1 39.a4 Nxb4 40.Bxh7 Kxc5  0-1

[Event "SVK-chT1E 9798"]
[Site "SVK"]
[Date "1997.??.??"]
[Round "3"]
[White "Zambor, Norbert"]
[Black "Trombik, Karel"]
[Result "1-0"]
[WhiteElo "2235"]
[BlackElo "2215"]

1.d4 Nf6 2.Bg5 Ne4 3.Bf4 c5 4.d5 d6 5.f3 Nf6 6.e4 g6 7.Qd2 h6 8.c4 Bg7 9.Nc3 Nbd7
10.Nh3 g5 11.Be3 Ne5 12.Nf2 Ng6 13.O-O-O Qa5 14.Nd3 Bd7 15.h4 Nxh4 16.e5 Ng8
17.f4 gxf4 18.Bxc5 Nf5 19.Bb4 Qc7 20.e6 fxe6 21.dxe6 Bxe6 22.Nxf4 Bf7 23.c5 dxc5
24.Nb5 Qc8 25.Nxa7 Qc7 26.Nb5 Qc6 27.Na7 Qc7 28.Nb5 Qc6 29.Na7 Qd6 30.Nb5 Qxd2+
31.Rxd2 Be5 32.Nd3 cxb4 33.Nxe5 Rc8+ 34.Kb1 Nf6 35.Bd3 Ng3 36.Re1 Rc5 37.Nd6+ exd6
38.Ng6+ Kd7 39.Nxh8  1-0

[Event "SVK-chT2 9697"]
[Site "SVK"]
[Date "1997.??.??"]
[Round "4"]
[White "Zambor, Norbert"]
[Black "Szamos, Alexander"]
[Result "1-0"]
[WhiteElo "2195"]
[BlackElo "2130"]

1.d4 Nf6 2.Bg5 Ne4 3.Bf4 d5 4.f3 Nf6 5.Nc3 Bf5 6.Qd2 e6 7.Bg5 Be7 8.g4 Bg6
9.h4 h5 10.Bxf6 Bxf6 11.g5 Be7 12.Nh3 Bd6 13.O-O-O c6 14.Nf4 Bf5 15.e4 dxe4
16.fxe4 Bg4 17.Be2 Bxe2 18.Ncxe2 g6 19.d5 cxd5 20.exd5 e5 21.Nd3 Nd7 22.Ng3 Qc7
23.Ne4 O-O-O 24.Kb1 Nb6 25.Qa5 Kb8 26.b3 Nd7 27.Qxc7+ Kxc7 28.c4 b6 29.Rhf1 Rhf8
30.Rf2 Nc5 31.Ndxc5 Bxc5 32.Rf6 Ba3 33.Rdf1 Rd7 34.Kc2 Kb7 35.Kc3 a5 36.Kd3 Kc7
37.Nc3 e4+ 38.Nxe4 b5 39.Nc3 bxc4+ 40.bxc4 Bb4 41.a3  1-0

[Event "Piatka op"]
[Site "Swidnica"]
[Date "1997.??.??"]
[Round "7"]
[White "Orzechowski, Jacek"]
[Black "Kislov, Sergey"]
[Result "1-0"]
[WhiteElo "2255"]
[BlackElo "2365"]

1.d4 Nf6 2.Bg5 Ne4 3.Bf4 c5 4.d5 Qb6 5.Bc1 e6 6.f3 Qa5+ 7.c3 Nf6 8.e4 exd5
9.e5 Ng8 10.Qxd5 Ne7 11.Qe4 f5 12.exf6 d5 13.Qe5 gxf6 14.Qh5+ Kd8 15.Ne2 Nbc6
16.Nd2 Qb6 17.Nf4 Ne5 18.Nb3 d4 19.cxd4 cxd4 20.Bd2 a5 21.Nxd4 Qxb2 22.Rd1 Kc7
23.Nb5+ Kb8 24.Be3  1-0

[Event "Taastrup 25 Jub"]
[Site "Taastrup"]
[Date "1997.??.??"]
[Round "4"]
[White "Welling, Gerard"]
[Black "Koerholz, Ludger"]
[Result "1-0"]
[WhiteElo "2385"]
[BlackElo "2270"]

1.d4 Nf6 2.Bg5 Ne4 3.h4 d5 4.Nd2 Nd6 5.e3 c6 6.c4 Qa5 7.cxd5 cxd5 8.Ne2 Bf5
9.Nc3 h6 10.Bf4 e6 11.Qb3 Nd7 12.f3 Be7 13.g4 Bh7 14.Rc1 Rc8 15.Be2 O-O 16.g5 h5
17.Bxd6 Bxd6 18.f4 Bg6 19.O-O Rc7 20.Qb5 Bb4 21.Nb3 Qb6 22.Nxd5 Qxb5 23.Bxb5 Rxc1
24.Rxc1 exd5 25.Bxd7 Be4 26.a3 Bd6 27.Nc5 Rb8 28.Nxe4 dxe4 29.Rc8+ Rxc8 30.Bxc8 b6
31.Bf5 Kf8 32.Bxe4 Ke7 33.Kf2 Bc7 34.f5 Bd6 35.Bf3 g6 36.fxg6 fxg6 37.Be2 Ke6
38.Bd3 Kf7 39.Bc2 Bc7 40.a4 Bd6 41.e4 Bf4 42.e5 Bc1 43.b3 Bb2 44.Ke3 Bc3
45.Ke4 Be1 46.d5 Bxh4 47.d6 Ke6 48.Bd3 Bxg5 49.Bc4+ Kd7 50.Kd5 Bd8 51.Bd3 h4
52.Bxg6 h3 53.Be4 a6 54.e6+  1-0

[Event "EU-ch U16"]
[Site "Tallinn"]
[Date "1997.??.??"]
[Round "6"]
[White "Szulc, Michal"]
[Black "Olsson, Anders"]
[Result "1/2-1/2"]
[WhiteElo "2210"]
[BlackElo "2280"]

1.d4 Nf6 2.Bg5 Ne4 3.Bh4 c5 4.f3 g5 5.fxe4 gxh4 6.d5 Bh6 7.c3 d6 8.Nf3 Nd7
9.Nbd2 Nf6 10.e3 Ng4 11.Bb5+ Bd7 12.Bxd7+ Qxd7 13.Nf1 h3 14.g3 O-O-O 15.Nh4 Rhg8
16.Nf5 Bf8 17.Qc2 e6 18.Nh4 Bh6 19.O-O-O Bxe3+ 20.Kb1 Bh6 21.Re1 exd5 22.exd5 Rge8
23.Nd2 Rxe1+ 24.Rxe1 Nxh2 25.Nc4 Ng4 26.Qxh7 b5 27.Nf5 bxc4 28.Nxh6 Nf2 29.Nxf7 Rf8
30.Nxd6+ Qxd6 31.Qxa7 h2 32.Qa8+ Kc7 33.Qa7+ Kc8 34.Qa8+ Kc7 35.Qa7+ Kd8
36.Qa8+ Kd7 37.Qb7+ Kd8 38.Qa8+ Kd7 39.Qb7+ Qc7 40.Re7+ Kxe7 41.Qxc7+ Kf6
42.Qd6+ Kg5 43.Qe7+ Rf6 44.Qg7+ Rg6 45.Qe7+ Kf5 46.Qf7+ Ke5 47.Qf4+ Kxd5
48.Qf5+ Kc6 49.Qxg6+ Kb5 50.Qe8+ Ka5 51.Qa8+ Kb6 52.Qb8+ Kc6 53.Qe8+ Kb6
54.Qd8+ Kc6 55.Qf6+ Kb5 56.Qxf2 h1=Q+ 57.Kc2 Qe4+ 58.Kd2 Qd3+ 59.Kc1 Qe4
60.b3 Qd3 61.Kb2 cxb3 62.axb3 Qd1 63.c4+ Kc6 64.Qf6+ Kb7 65.Qe7+ Kc6 66.Qe6+ Kc7
67.Qe5+ Kb6 68.Qe3 Kc6 69.Qf2 Kd6 70.Qf4+ Kc6 71.Qf2 Kd6 72.Qg2 Qd4+ 73.Kc2 Ke7
74.g4 Qe3 75.g5 Kf7 76.Qd2 Qe7 77.Qd5+ Kg6 78.Kd3 Qf8 79.Ke4 Qf2 80.Qg8+ Kh5
81.Kd5 Qf3+ 82.Kxc5 Qxb3 83.g6 Qa3+ 84.Kc6 Qa6+ 85.Kd7 Qb7+ 86.Ke8 Qc8+ 87.Kf7 Qxc4+  1/2-1/2

[Event "EST-ch"]
[Site "Tallinn"]
[Date "1997.??.??"]
[Round "8"]
[White "Kiik, Kalle"]
[Black "Sepp, Olav"]
[Result "1-0"]
[WhiteElo "2380"]
[BlackElo "2425"]

1.d4 Nf6 2.Bg5 Ne4 3.Bf4 c5 4.d5 Qb6 5.Nd2 Qxb2 6.Nxe4 Qb4+ 7.c3 Qxe4 8.e3 e5
9.Bg3 d6 10.Nf3 Nd7 11.c4 Qg6 12.Bd3 Qh6 13.Nd2 Be7 14.O-O O-O 15.f4 f5 16.Rb1 g6
17.Kh1 e4 18.Be2 Nf6 19.Bf2 b6 20.Qc2 Bd7 21.g4 Nxg4 22.Bxg4 fxg4 23.Qxe4 Rae8
24.Qd3 Bd8 25.Bg3 Qh3 26.Rbe1 a6 27.e4 b5 28.Re3 Ba5 29.Rf2 Bxd2 30.Qxd2 bxc4
31.f5 Rb8 32.Re1 Rb6 33.fxg6 Rxf2 34.Qxf2 hxg6 35.Qf6 Be8 36.Qd8 Rb7 37.Qxe8+ Kh7
38.e5 Rb2 39.Qf7+ Kh8 40.Qf8+ Kh7 41.Qf7+ Kh8 42.Qf1 Kg8 43.Qxh3 gxh3 44.exd6  1-0

[Event "Czerniak mem Bikurei Haitim"]
[Site "Tel Aviv"]
[Date "1997.??.??"]
[Round "3"]
[White "Summerscale, Aaron"]
[Black "Manor, Ilan"]
[Result "0-1"]
[WhiteElo "2500"]
[BlackElo "2525"]

1.d4 Nf6 2.Bg5 Ne4 3.Bf4 d5 4.e3 g6 5.Bd3 Nd6 6.h4 Bg7 7.h5 Nc6 8.Nc3 Nb4
9.Be5 Nxd3+ 10.cxd3 f6 11.Bh2 c6 12.Nge2 Nf7 13.e4 dxe4 14.dxe4 e5 15.dxe5 Qxd1+
16.Rxd1 fxe5 17.Nc1 Be6 18.Nd3 b6 19.Bg3 O-O-O 20.hxg6 hxg6 21.Rxh8 Rxh8
22.Kd2 Bf6 23.Kc2 Rh5 24.Re1 Bh4 25.Bxh4 Rxh4 26.Re3 Kd7 27.Ne1 Ke7 28.Nf3 Rf4
29.Kd2 g5 30.Ke1 g4 31.Nh2 Ng5 32.Nf1 Bf7 33.Ng3 Bg6 34.Nce2 Rf8 35.Nf5+ Ke6
36.Nh6 Rh8 37.Nf5 Rh1+ 38.Kd2 Nxe4+ 39.Rxe4 Bxf5 40.Ra4 a5 41.b4 axb4 42.Rxb4 Rb1
43.Rxb1 Bxb1 44.Nc3 Bf5 45.f3 gxf3 46.gxf3 Kd6 47.Ne2 Kc5 48.Kc3 Be6 49.a3 Bc4  0-1